000 01222namaa2200337 i 4500
003 EG-GICUC
005 20260127142659.0
008 260125s1988 mr |||jr|||| 000 0 ara d
017 _a1987 / 798
_bالمكتبة الوطنية (المغرب)
040 _aEG-GiCUC
_bara
_cEG-GiCUC
_dEG-GiCUC
_erda
082 0 4 _221
_a153.35
_bH419
092 0 4 _221
_a153.35
_bH419
099 _a153.35 H419
100 1 _aالحايل، الحسين
_eمؤلف.
245 1 2 _aالخيال أداة للإبداع /
_cتأليف الحسين الحايل.
250 _aالطبعة الاولى
264 _aالرباط (المغرب) :
_bمكتبة المعارف للنشر والتوزيع،
_c1988.
300 _a124 صفحة ؛
_c24 سم
336 _2rdacontent
_atext
337 _2rdamedia
_aUnmediated
338 _2rdacarrier
_avolume
504 _a124-123 ببليوجرافيا: صفحات.
541 _aد. جابر عصفور ؛
_bالقاهرة ؛
_cإهداء ؛
_d2024.
650 1 7 _aالخيال
_2qrmak
650 1 7 _aالابداع
_2qrmak
650 1 7 _aالتخيل الابداعى
_2qrmak
650 1 7 _aالابداع الفنى
_2qrmak
651 1 _2qrmak
905 _aAya
942 _2ddc
_cBK
_e21
_n0
999 _c178015
_d178015